| 000 -LEADER |
| fixed length control field |
01398cam a2200289 i 4500 |
| 001 - CONTROL NUMBER |
| control field |
17686936 |
| 005 - DATE AND TIME OF LATEST TRANSACTION |
| control field |
20221111101818.0 |
| 008 - FIXED-LENGTH DATA ELEMENTS--GENERAL INFORMATION |
| fixed length control field |
130405s2013 nyu b 001 0 eng |
| 010 ## - LIBRARY OF CONGRESS CONTROL NUMBER |
| LC control number |
2013012755 |
| 020 ## - INTERNATIONAL STANDARD BOOK NUMBER |
| International Standard Book Number |
9780393082876 (hardcover) |
| 082 00 - DEWEY DECIMAL CLASSIFICATION NUMBER |
| Classification number |
307.76,TOW |
| 100 1# - MAIN ENTRY--PERSONAL NAME |
| Personal name |
Townsend, Anthony M., |
| Dates associated with a name |
1973- |
| 9 (RLIN) |
102547 |
| 245 10 - TITLE STATEMENT |
| Title |
Smart cities : |
| Remainder of title |
big data, civic hackers, and the quest for a new utopia / |
| Statement of responsibility, etc. |
Anthony M. Townsend. |
| 250 ## - EDITION STATEMENT |
| Edition statement |
First edition. |
| 264 #1 - PRODUCTION, PUBLICATION, DISTRIBUTION, MANUFACTURE, AND COPYRIGHT NOTICE |
| Place of production, publication, distribution, manufacture |
New York : |
| Name of producer, publisher, distributor, manufacturer |
W.W. Norton & Company, |
| Date of production, publication, distribution, manufacture, or copyright notice |
[2013] |
| 300 ## - PHYSICAL DESCRIPTION |
| Extent |
xiv, 384 pages ; |
| Dimensions |
25 cm |
| 336 ## - CONTENT TYPE |
| Content type term |
text |
| Source |
rdacontent |
| 337 ## - MEDIA TYPE |
| Media type term |
unmediated |
| Source |
rdamedia |
| 338 ## - CARRIER TYPE |
| Carrier type term |
volume |
| Source |
rdacarrier |
| 505 ## - FORMATTED CONTENTS NOTE |
| Formatted contents note |
Urbanization and Ubiquity (Page-1), The $100 Billion Jackpot (Page-19), Cybernetics Redux (Page-57), Cities of Tomorrow (Page-93), The Open-Source Metropolis (Page-115), Tinkering Toward Utopia (Page-142), Have Nots (Page-168), Reinventing City Hall (Page-194), A Planet of Civic Laboratories (Page-226), Buggy, Brittle, and Bugged (Page-252), A New Civics for a Smart Century (Page-282). |
| 650 #0 - SUBJECT ADDED ENTRY--TOPICAL TERM |
| Topical term or geographic name entry element |
Cities and towns |
| General subdivision |
History. |
| 650 #0 - SUBJECT ADDED ENTRY--TOPICAL TERM |
| Topical term or geographic name entry element |
City planning |
| General subdivision |
Technological innovations. |
| 9 (RLIN) |
24205 |
| 650 #0 - SUBJECT ADDED ENTRY--TOPICAL TERM |
| Topical term or geographic name entry element |
Regional planning |
| General subdivision |
Technological innovations. |
| 9 (RLIN) |
102548 |
| 650 #0 - SUBJECT ADDED ENTRY--TOPICAL TERM |
| Topical term or geographic name entry element |
Technological innovations |
| General subdivision |
Economic aspects. |
| 9 (RLIN) |
14663 |
| 650 #0 - SUBJECT ADDED ENTRY--TOPICAL TERM |
| Topical term or geographic name entry element |
Information technology |
| General subdivision |
Economic aspects. |
| 9 (RLIN) |
23499 |
| 942 ## - ADDED ENTRY ELEMENTS (KOHA) |
| Source of classification or shelving scheme |
|
| Koha item type |
Book |